000 02391nam a2200349 i 4500
001 991061426314306706
003 ES-BaIT
005 20250722075932.0
008 250704s2025 sp 000 0 spa|c
017 _aDL M 9414-2025
_bOficina DL de Madrid
020 _a9788410060395
040 _aES-BaIT
_bcat
_erda
_cES-BaIT
080 _a612.78
_22004
080 _a792.028.3
100 _aLeón, Vicente
_eautor
_984758
245 1 3 _aLa Voz del texto :
_bbiomecánica de la palabra hablada /
_cVicente León
250 _aPrimera edición
264 1 _aMadrid :
_bEdiciones Antígona,
_c2025
300 _a356 pàgines :
_bil·lustracions ;
_c23 cm
336 _atext
_btxt
_2rdacontent
337 _asense mediació
_bn
_2rdamedia
338 _avolum
_bnc
_2rdacarrier
490 0 _aSerie RESAD, estudios teatrales ;
_v53
500 _aAl verso de la portada: Publicaciones de la Real Escuela Superior de Arte Dramático (RESAD)
504 _aBibliografia pàgines:355-356
520 _a"El principal objetivo de este manual es crear un método de trabajo con el texto, desde su primera lectura hasta conseguir su encarnación, su oralización más humana, sólida y profunda posible. está dirigido, fundamentalmente, a actrices y actores que quieran ahondar en el trabajo del decir, de la palabra hablada, de la palabra artística en su comprensión físico-orgánica, en el dominio de su musicalidad y de sus posibilidades expresivas y comunicativas. entender el texto como partitura y el cuerpo como el instrumento que la interpreta. un cuerpo que, para la consecución de la belleza sonoro-expresiva, se ha de construir de manera consciente, consecuente y adecuada. la voz del texto. biomecánica de la palabra hablada muestra cómo desde el texto se principian y mantienen todas las posibilidades constructivas del personaje, independientemente de la deriva individual que adopte cualquier intérprete en su desarrollo creativo. señala cómo la actividad básica que el texto nos propone, ya conforma los fundamentos biomecánicos y orgánicos del personaje que vayamos a construir, independientemente de la dramaturgia, de la dirección, del estilo, etc., que hayamos elegido." -- Contracoberta
650 7 _aVeu
_xConreu
_958029
710 2 _aReal Escuela Superior de Arte Dramático
_eentitat editora
_954771
908 _aCDMAE
940 _aCVA7
942 _2udc
_c1
999 _c136428
_d136428